Ten Years Younger : (Record no. 595541)

MARC details
000 -LEADER
fixed length control field 00481nam a2200193 a 4500
008 - FIXED-LENGTH DATA ELEMENTS--GENERAL INFORMATION
fixed length control field 251104s2007##################000#0#eng##
020 ## - INTERNATIONAL STANDARD BOOK NUMBER
ISBN 9780767921718
082 04 - DEWEY DECIMAL CLASSIFICATION NUMBER
Classification number 613
Item number MAS
100 1# - MAIN ENTRY--AUTHOR NAME
Personal name Steven Masley, M.D.,
245 10 - TITLE STATEMENT
Title Ten Years Younger :
260 ## - PUBLICATION, DISTRIBUTION, ETC. (IMPRINT)
Name of publisher Harmony,
Year of publication 2007.
300 ## - PHYSICAL DESCRIPTION
Number of Pages 402 pages
650 #0 - SUBJECT ADDED ENTRY--TOPICAL TERM
Topical Term Self-Help.
942 ## - ADDED ENTRY ELEMENTS (KOHA)
Koha item type English Books
Holdings
Withdrawn status Lost status Damaged status Not for loan Home library Current library Shelving location Date acquired Full call number Accession Number Price effective from Koha item type
        Anna Centenary Library Anna Centenary Library 5TH FLOOR, B WING 04.11.2025 613 MAS 505571 04.11.2025 English Books

Find us on the map